Acronymes - 4 lettres - L - Statistiques

Statistiques générales
  • Ce quiz a été pris 28 fois
  • Le résultat moyen est 6 sur 47
Statistiques - réponses
HINT ANSWER % Correct
LMDE La
54%
Angeles
50%
Department
50%
LAPD Los
50%
Of
50%
Police
50%
The
42%
LOTR Lord
38%
Rings
38%
Des
27%
Étudiants
27%
In
27%
Mutuelle
27%
National
23%
First
8%
LIFO Last
8%
Out
8%
LNHB Laboratoire
4%
LETI Laboratoire
4%
Language
4%
Access
0%
Apache
0%
Apache
0%
ASP
0%
Becquerel
0%
Capital
0%
Directory
0%
Électronique
0%
Halogen
0%
Henri
0%
Information
0%
LDAP Lightweight
0%
LAMP Linux
0%
LAMA Linux
0%
LISP List
0%
LTCM Long
0%
LSZH Low
0%
Management
0%
MySQL
0%
MySQL
0%
PHP
0%
Processing
0%
Protocol
0%
Smoke
0%
Technologie
0%
Term
0%
Zero
0%
Aucun quiz correspondant
Distribution des résultats
% des personnes avec chaque résultat
Percentile par nombre de réponses
Votre historique - résultats
Vous n’avez pas pris ce quiz